00706nam a2200169 i 450000100060000000300090000600500170001500700030003200800410003510000210007624500490009726000630014630000360020951000230024565000570026885202110032551251ES-MaACL20250404173228.0t|030812s1951 sp ||||1| spa d1 aCharlo, Ramón.10aSevilla en cuerpo y alma / cRamón Charlo. a[S.l. : bs.n., c1951] (eSevilla : fGráf. Sevillanas) a98 p. : bretr. aut. ; c23 cm. aCCPB,c001286702-0 7aPoesía española-zSevilla-xHistoria y crítica aES-MaACLjD-6547 bR.31027bR.M.6138cSVIfSello en tinta azul de la Biblioteca del Ateneo de MadridhSello en tinta azul: "Donativo del Excmo. Sr. D. Pedro Rocamora para la Biblioteca del Ateneo de Madrid"